Estudio Prc̀tico sobre las Inspecciones de Trabajo

Bibliographic Details
Main Author: Alvarez Fřman, Benjamn̕
Format: eBook
Language:Spanish
Published: Mx̌ico DF: Ediciones Fiscales ISEF, 2016
Subjects:
Online Access:Acceso restringido

MARC

LEADER 00000nam a22000007a 4500
005 20161215221157.0
007 cr|||| ||||
008 161215s2016 mx |||||s|||| 00||0 spa d
020 |a 978-607-406-821-4 
035 |a 14662 
040 |a vLex 
090 |c 6497  |d 6497 
100 1 |a Alvarez Fřman, Benjamn̕ 
245 1 0 |a Estudio Prc̀tico sobre las Inspecciones de Trabajo  |h [Recurso electrn̤ico] /  |c Benjamn̕ Alvarez Fřman 
256 |a Servicio en ln̕ea 
260 |a Mx̌ico DF:  |b Ediciones Fiscales ISEF,  |c 2016 
300 |a 1 recurso electrn̤ico 
500 |a En este material conoceremos la facultad que tiene la Autoridad que nos inspecciona y su constitucin̤. Percibiremos que es lo que requiere la empresa para tener un resultado victorioso ante la revisin̤ as ̕como las responsabilidades y sanciones ante una posible infraccin̤. Una Inspeccin̤ de Trabajo tiene como finalidad observar las relaciones laborales y sus efectos entre el trabajador, el patrn̤, los Sindicatos y a su vez, la relacin̤ de estos con la Autoridad Laboral, y esta obra es esencial para analizar este tema y lograr el cumplimiento de la Ley. 
506 1 |a Disponible solo en los productos indicados  |d vLex Global  |d vLex Global (Academic Edition, excluding Law Schools)  |d vLex Global (U.S. Academic Edition, Law Schools)  |d vLex Global (U.S. Academic Edition, excluding Law Schools)  |d vLex Global (Academic Edition, Law Schools) 
650 0 4 |a Derecho Laboral y Seguridad Social  |z Mx̌ico 
740 0 |a vLex Libros (Servicio en ln̕ea) 
856 4 0 |u http://vlex.com/source/estudio-practico-sobre-las-inspecciones-de-trabajo-14662  |z Acceso restringido 
942 |c BOOK 
999 0 |a Labor law and social security